000 00453cam a2200193ua 4500
001 9045
005 20260515114423.0
008 150220n ii |||gr||||Z||||||asm
040 _cMAIN
041 _aasm
082 _a294.5
100 _aGohain, P.,
_eTranslator.
245 1 _aBrahmaputra
_cTranslated by P. Gohain
250 _a1st.
260 _aGolaghat:
_bRupbani,
_c2009.
300 _a184p.
653 _aReligions ofIndic origin
942 _cBK
999 _c8128
_d8128